00320nam a2200109Ia 4500008004100000082000800041100002000049245002300069942000600092952009700098999001500195240331s9999 xx 000 0 und d bPAT aPaththinathan,T 0aPoorin ma rupakkam cL 001040708LaWERCLbWERCLcSSCd2024-03-31l0o 323.4 PATp6244r2024-03-31w2024-03-31yL c4633d4633